<?xml version="1.0" encoding="UTF-8"?>
<record
    xmlns:xsi="http://www.w3.org/2001/XMLSchema-instance"
    xsi:schemaLocation="http://www.loc.gov/MARC21/slim http://www.loc.gov/standards/marcxml/schema/MARC21slim.xsd"
    xmlns="http://www.loc.gov/MARC21/slim">

  <leader>01172nam a2200277 a 4500</leader>
  <controlfield tag="001">BRCA_21</controlfield>
  <controlfield tag="005">20190320202839.0</controlfield>
  <controlfield tag="008">971203s1997    mx-a---##b---#000-0#spa-#</controlfield>
  <datafield tag="020" ind1=" " ind2=" ">
    <subfield code="a">9701800060</subfield>
  </datafield>
  <datafield tag="040" ind1=" " ind2=" ">
    <subfield code="a">DLC</subfield>
    <subfield code="c">DLC</subfield>
  </datafield>
  <datafield tag="050" ind1=" " ind2="4">
    <subfield code="a">F1211.H9</subfield>
    <subfield code="b">.H65 1997</subfield>
  </datafield>
  <datafield tag="245" ind1="1" ind2="0">
    <subfield code="a">Alejandro de Humboldt en M&#xE9;xico</subfield>
    <subfield code="c">Frank Holl ... [et. al.].</subfield>
  </datafield>
  <datafield tag="260" ind1=" " ind2=" ">
    <subfield code="a">M&#xE9;xico</subfield>
    <subfield code="b">INAH ; Instituto Goethe</subfield>
    <subfield code="c">1997</subfield>
  </datafield>
  <datafield tag="300" ind1=" " ind2=" ">
    <subfield code="a">216 p.</subfield>
    <subfield code="b">il. (algunas a color), mapas</subfield>
    <subfield code="c">23 cm.</subfield>
  </datafield>
  <datafield tag="500" ind1=" " ind2=" ">
    <subfield code="a">Cat&#xE1;logo de la exposici&#xF3;n realizada en el Museo de la Secretar&#xED;a de Hacienda y Cr&#xE9;dito P&#xFA;blico, Antiguo Palacio del Arzobispado (Ciudad de M&#xE9;xico), mayo-agosto, 1997.</subfield>
  </datafield>
  <datafield tag="500" ind1=" " ind2=" ">
    <subfield code="a">Estado f&#xED;sico: encuadernado, enero 2013</subfield>
  </datafield>
  <datafield tag="504" ind1=" " ind2=" ">
    <subfield code="a">Incluye referencias bibliogr&#xE1;ficas</subfield>
  </datafield>
  <datafield tag="600" ind1="1" ind2="4">
    <subfield code="a">Humboldt, Alexander N. Freiherr von</subfield>
    <subfield code="d">1769-1859</subfield>
    <subfield code="v">Cat&#xE1;logos</subfield>
    <subfield code="x">Exposiciones</subfield>
    <subfield code="9">99</subfield>
  </datafield>
  <datafield tag="650" ind1="1" ind2="4">
    <subfield code="a">Expediciones cient&#xED;ficas</subfield>
    <subfield code="x">Exposiciones</subfield>
    <subfield code="z">M&#xE9;xico</subfield>
    <subfield code="9">100</subfield>
  </datafield>
  <datafield tag="650" ind1="1" ind2="4">
    <subfield code="a">Cient&#xED;ficos</subfield>
    <subfield code="x">Biograf&#xED;a</subfield>
    <subfield code="z">Alemania</subfield>
    <subfield code="9">101</subfield>
  </datafield>
  <datafield tag="650" ind1="1" ind2="4">
    <subfield code="a">Naturalistas</subfield>
    <subfield code="x">Biograf&#xED;a</subfield>
    <subfield code="z">Alemania</subfield>
    <subfield code="9">102</subfield>
  </datafield>
  <datafield tag="651" ind1=" " ind2="4">
    <subfield code="a">M&#xE9;xico</subfield>
    <subfield code="x">Descripci&#xF3;n y viajes</subfield>
    <subfield code="9">103</subfield>
  </datafield>
  <datafield tag="653" ind1="0" ind2=" ">
    <subfield code="a">Viajeros extranjeros en M&#xE9;xico - Siglo XIX</subfield>
  </datafield>
  <datafield tag="700" ind1="1" ind2=" ">
    <subfield code="a">Holl, Frank</subfield>
    <subfield code="9">104</subfield>
  </datafield>
  <datafield tag="942" ind1=" " ind2=" ">
    <subfield code="2">lcc</subfield>
    <subfield code="c">B</subfield>
  </datafield>
  <datafield tag="999" ind1=" " ind2=" ">
    <subfield code="c">21</subfield>
    <subfield code="d">21</subfield>
  </datafield>
  <datafield tag="952" ind1=" " ind2=" ">
    <subfield code="0">0</subfield>
    <subfield code="1">0</subfield>
    <subfield code="4">0</subfield>
    <subfield code="7">0</subfield>
    <subfield code="a">BRCA</subfield>
    <subfield code="b">BRCA</subfield>
    <subfield code="d">2008-06-24</subfield>
    <subfield code="l">0</subfield>
    <subfield code="o">F1211.H9 .H65 1997</subfield>
    <subfield code="p">00017_1</subfield>
    <subfield code="r">2019-03-23 00:00:00</subfield>
    <subfield code="w">2019-03-23</subfield>
    <subfield code="y">B</subfield>
  </datafield>
</record>
